New York Knicks All-Time Starters - Statistics

General Stats
  • This quiz has been taken 84 times
  • The average score is 4 of 7
Answer Stats
Position Player % Correct
C Patrick Ewing
96%
6th man Carmelo Anthony
84%
PG Walt Frazier
81%
PF Willis Reed
74%
SF Bernard King
49%
SG Earl Monroe
49%
Coach Red Holzman
14%
No matching quizzes found
Score Distribution
Percent of People with Each Score
Percentile by Number Answered
Your Score History
You have not taken this quiz